<?xml version="1.0" encoding="UTF-8"?>
<record
    xmlns:xsi="http://www.w3.org/2001/XMLSchema-instance"
    xsi:schemaLocation="http://www.loc.gov/MARC21/slim http://www.loc.gov/standards/marcxml/schema/MARC21slim.xsd"
    xmlns="http://www.loc.gov/MARC21/slim">

  <leader>05137Cam#a22006255a#4500</leader>
  <controlfield tag="003">AR-RoUNA</controlfield>
  <controlfield tag="005">20260625131107.0</controlfield>
  <controlfield tag="008">100216s2009||||ag||||||     |||| 0|spa d</controlfield>
  <datafield tag="020" ind1=" " ind2=" ">
    <subfield code="a">978-950-673-987-4</subfield>
  </datafield>
  <datafield tag="040" ind1=" " ind2=" ">
    <subfield code="a">AR-RoUNA</subfield>
    <subfield code="b">spa</subfield>
  </datafield>
  <datafield tag="041" ind1=" " ind2=" ">
    <subfield code="a">spa</subfield>
  </datafield>
  <datafield tag="044" ind1=" " ind2=" ">
    <subfield code="a">ag</subfield>
  </datafield>
  <datafield tag="080" ind1=" " ind2=" ">
    <subfield code="a">378</subfield>
    <subfield code="x">(82)</subfield>
  </datafield>
  <datafield tag="110" ind1="2" ind2=" ">
    <subfield code="a">Argentina. Universidad Nacional de Rosario. </subfield>
    <subfield code="b">Secretaria de Ciencia y Tecnolog&#xED;a.</subfield>
    <subfield code="9">20604</subfield>
  </datafield>
  <datafield tag="245" ind1="1" ind2="0">
    <subfield code="a">Jornadas de Ciencia y Tecnologia, V :</subfield>
    <subfield code="b">Divulgaci&#xF3;n de la Producci&#xF3;n Cient&#xED;fica y Tecnol&#xF3;gica de la UNR /</subfield>
    <subfield code="c">Secretaria de Ciencia y Tecnolog&#xED;a. coordinado por Clara Eder L&#xF3;pez</subfield>
  </datafield>
  <datafield tag="250" ind1=" " ind2=" ">
    <subfield code="a">1a. ed.</subfield>
  </datafield>
  <datafield tag="260" ind1=" " ind2=" ">
    <subfield code="a">Rosario (Santa Fe, Argentina) :</subfield>
    <subfield code="b">UNR Editora,</subfield>
    <subfield code="c">2011.</subfield>
  </datafield>
  <datafield tag="300" ind1=" " ind2=" ">
    <subfield code="a">548 p :</subfield>
    <subfield code="b">gr&#xE1;ficos</subfield>
    <subfield code="b">il. byn.</subfield>
    <subfield code="c">23x16 cm.</subfield>
  </datafield>
  <datafield tag="505" ind1="0" ind2=" ">
    <subfield code="a">Claudina Blanc /Una aproximaci&#xF3;n a los escritos de Eduardo Sacriste. p. 76</subfield>
  </datafield>
  <datafield tag="505" ind1=" " ind2=" ">
    <subfield code="a">Daniela Cattaneo / La arquitectura escolar como instrumentos del estado, contrapuntos naci&#xF3;n-provincias en la d&#xE9;cada de 1930. p. 98</subfield>
  </datafield>
  <datafield tag="505" ind1=" " ind2=" ">
    <subfield code="a">Elio Di Bernardo; Laura Bracalenti y otros / Modelos residenciales, capacidad de carga y crecimiento urbano en el municipio de Rosario. p. 134</subfield>
  </datafield>
  <datafield tag="505" ind1=" " ind2=" ">
    <subfield code="a">Elio Di Bernardo; Laura Bracalenti y otros / Potencial productivo agroecol&#xF3;gico de las &#xE1;reas periurbanas con restricciones de uso en la provincia de Santa Fe. p. 137</subfield>
  </datafield>
  <datafield tag="505" ind1=" " ind2=" ">
    <subfield code="a">Diego Fern&#xE1;ndez Paoli / Nuevas relaciones entre sistemas estructurales en los edificios y sus implicancias en la arquitectura posibles aplicaciones pedag&#xF3;gicas. p. 162</subfield>
  </datafield>
  <datafield tag="505" ind1=" " ind2=" ">
    <subfield code="a">Mar&#xED;a Cecilia Galimberti / Paisajes fragmentados y rupturas sociales en las metr&#xF3;polis contempor&#xE1;neas; una mirada al frente costero del &#xE1;rea metropolitana de Rosario. p. 182</subfield>
  </datafield>
  <datafield tag="505" ind1=" " ind2=" ">
    <subfield code="a">M. Geary y otros / Pol&#xED;tica ambiental y cambio clim&#xE1;tico: la tensi&#xF3;n entre la problem&#xE1;tica global y las estrategias de acci&#xF3;n locales. El caso Rosario. p. 191</subfield>
  </datafield>
  <datafield tag="505" ind1=" " ind2=" ">
    <subfield code="a">M. Gonnella  y otros / Formaci&#xF3;n en extensi&#xF3;n. Actores de zonas urbanas y peri urbanas. p. 198</subfield>
  </datafield>
  <datafield tag="505" ind1=" " ind2=" ">
    <subfield code="a">Laura Lagorio; Ricardo Bueno y otros / Estudio de las practicas de taller sobre el Proyecto Arquitect&#xF3;nico desarrolladas en el nivel inicial de la carrera de Arquitectura, etapa de transici&#xF3;n del nuevo plan de estudio de Arquitectura en la UNR. p. 223</subfield>
  </datafield>
  <datafield tag="505" ind1=" " ind2=" ">
    <subfield code="a">F. Laredo; P. Gerosa y D.Beretta / El valor de la historia barrial: oralidad, participaci&#xF3;n y derechos humanos. p.228</subfield>
  </datafield>
  <datafield tag="505" ind1=" " ind2=" ">
    <subfield code="a">Anibal Molin&#xE9;; Horacio Panvini; Ana Espinosa; Mar&#xED;a Jos&#xE9; Panvini y Marcelo Bella / Incorporaci&#xF3;n de pl&#xE1;sticos como agregado inerte en monteros y hormigones. p. 291</subfield>
  </datafield>
  <datafield tag="505" ind1=" " ind2=" ">
    <subfield code="a">Anibal Molin&#xE9; / Rehabilitaci&#xF3;n v renovaci&#xF3;n urbana, reflexiones criticas sobre exploraci&#xF3;n proyectuales efectuadas en tres sectores ed Rio de Janeiro, (RJ) Brasil. p. 294. p </subfield>
  </datafield>
  <datafield tag="505" ind1=" " ind2=" ">
    <subfield code="a">Patricia Mosconi; Jorge V&#xE1;zquez y otros / Potencial de ahorro energ&#xE9;tico en edificios del sector terciario de la ciudad de Rosario mediante aplicaci&#xF3;n de normativa vigente. p.304 </subfield>
  </datafield>
  <datafield tag="505" ind1=" " ind2=" ">
    <subfield code="a">A.M.J. Parussini / El proceso de suburbanizaci&#xF3;n del Cord&#xF3;n Oeste Metropolitano de Rosario. EL caso de las localidades de Rold&#xE1;n y Funes. p. 326</subfield>
  </datafield>
  <datafield tag="505" ind1=" " ind2=" ">
    <subfield code="a">S. Pontoni / Momentos del proceso de creaci&#xF3;n de la "Marca Rosario". p. 342</subfield>
  </datafield>
  <datafield tag="505" ind1=" " ind2=" ">
    <subfield code="a">Jorge v&#xE1;zquez y Sonia Omelianiuk / Rol de los espacios p&#xFA;blicos en la calidad de vida urbana. p. 474</subfield>
  </datafield>
  <datafield tag="520" ind1="3" ind2=" ">
    <subfield code="a">Con este aporte de los Docentes-Investigadores de la Universidad nacional de Rosario deseamos reafirmar la realidad de un mundo que nos avasalla con sus injusticias y una Ciencia y tecnolog&#xED;a que nos deslumbra con sus logros. Tenemos el convencimiento de que la difusi&#xF3;n del conocimiento cient&#xED;fico-tecnol&#xF3;gico es sumamente importante para contribuir con las necesidades propias del desarrollo humano. La divulgaci&#xF3;n de estos trabajos podr&#xE1; aportar y dar respuesta al desarrollo presente. La implementaci&#xF3;n de esta estrategia desde el inicio de esta gesti&#xF3;n en el a&#xF1;o 2007, impulsada por la Secretar&#xED;a de Ciencia y Tecnolog&#xED;a con la colaboraci&#xF3;n del Foro Permanente de Discusi&#xF3;n de Ciencia y Tecnolog&#xED;a dependiente de la misma, repercute favorablemente en  diversos &#xE1;mbitos, aportando soluciones y mejoras en las problem&#xE1;ticas actuales, difundiendo nuevos conocimientos tanto para la optimizaci&#xF3;n de los procedimientos productivos, como para el desarrollo humanitario y social.</subfield>
  </datafield>
  <datafield tag="600" ind1="1" ind2="0">
    <subfield code="9">12077</subfield>
    <subfield code="a">Panvini, Horacio</subfield>
  </datafield>
  <datafield tag="600" ind1="1" ind2="0">
    <subfield code="a">Panvini, Mar&#xED;a Jos&#xE9;</subfield>
    <subfield code="9">27799</subfield>
  </datafield>
  <datafield tag="600" ind1="1" ind2="0">
    <subfield code="a">Bracalenti, Laura</subfield>
    <subfield code="9">8129</subfield>
  </datafield>
  <datafield tag="600" ind1=" " ind2=" ">
    <subfield code="a">Blanc, Maria Claudina</subfield>
    <subfield code="9">480</subfield>
  </datafield>
  <datafield tag="600" ind1=" " ind2="0">
    <subfield code="a">Cattaneo, Daniela</subfield>
    <subfield code="9">8872</subfield>
  </datafield>
  <datafield tag="600" ind1=" " ind2="0">
    <subfield code="a">Galimberti, Cecilia.</subfield>
    <subfield code="9">17387</subfield>
  </datafield>
  <datafield tag="610" ind1="2" ind2="4">
    <subfield code="a">Universidad Nacional de Rosario. </subfield>
    <subfield code="b">Secretaria de Ciencia y Tecnologia.</subfield>
    <subfield code="9">20604</subfield>
  </datafield>
  <datafield tag="650" ind1="4" ind2=" ">
    <subfield code="a">Educacion Superior</subfield>
  </datafield>
  <datafield tag="650" ind1="4" ind2=" ">
    <subfield code="a">Jornadas</subfield>
  </datafield>
  <datafield tag="650" ind1="4" ind2=" ">
    <subfield code="a">Universidades</subfield>
  </datafield>
  <datafield tag="651" ind1="4" ind2="0">
    <subfield code="a">Santa Fe (Argentina)</subfield>
    <subfield code="9">62</subfield>
  </datafield>
  <datafield tag="653" ind1=" " ind2=" ">
    <subfield code="a">Producci&#xF3;n cientificos</subfield>
  </datafield>
  <datafield tag="653" ind1=" " ind2=" ">
    <subfield code="a">Exploracion Proyectual</subfield>
  </datafield>
  <datafield tag="700" ind1="1" ind2=" ">
    <subfield code="a">Eder L&#xF3;pez, Clara</subfield>
    <subfield code="e">Coord.</subfield>
    <subfield code="9">27798</subfield>
  </datafield>
  <datafield tag="908" ind1=" " ind2=" ">
    <subfield code="a">Imp</subfield>
  </datafield>
  <datafield tag="930" ind1=" " ind2=" ">
    <subfield code="e">12356</subfield>
  </datafield>
  <datafield tag="942" ind1=" " ind2=" ">
    <subfield code="2">udc</subfield>
  </datafield>
  <datafield tag="945" ind1=" " ind2=" ">
    <subfield code="a">MTC</subfield>
    <subfield code="d">2024-02-29</subfield>
  </datafield>
  <datafield tag="980" ind1=" " ind2=" ">
    <subfield code="g">Mar&#xED;a Machado</subfield>
    <subfield code="6">5</subfield>
    <subfield code="a">Mar&#xED;a Machado</subfield>
    <subfield code="8">5</subfield>
  </datafield>
  <datafield tag="999" ind1=" " ind2=" ">
    <subfield code="c">12494</subfield>
    <subfield code="d">12494</subfield>
  </datafield>
  <datafield tag="952" ind1=" " ind2=" ">
    <subfield code="0">0</subfield>
    <subfield code="1">0</subfield>
    <subfield code="2">udc</subfield>
    <subfield code="4">0</subfield>
    <subfield code="7">0</subfield>
    <subfield code="a">AR-RoUNA</subfield>
    <subfield code="b">AR-RoUNA</subfield>
    <subfield code="c">Dir</subfield>
    <subfield code="d">2026-06-25</subfield>
    <subfield code="e">Don</subfield>
    <subfield code="l">0</subfield>
    <subfield code="o">378(82)  U58</subfield>
    <subfield code="p">18541</subfield>
    <subfield code="t">ej. 1</subfield>
    <subfield code="x"></subfield>
  </datafield>
</record>
